| 000 | 01051nam a2200253 a 4500 | ||
|---|---|---|---|
| 008 | |||
| 020 | _a1901396487 (pbk.) | ||
| 049 | _aMAIN | ||
| 090 | 0 | _aSB611 | |
| 111 | 2 |
_aBrighton Crop Protection Conference--Weeds : _d1997November 17-20 : _cBrighton, UK. |
|
| 245 | 1 | 4 |
_aThe 1997 Brighton Crop Protection Conference--Weeds : _bproceedings of an international conference organised by the British Crop Protection Council held at the Brighton Centre and the Stakis Brighton Metropole Hotel, Brighton, UK, 17-20 November 1997. |
| 260 |
_aFarnham : _bThe Council, _cc1997. |
||
| 300 |
_a3 v. (xxiv, 1202 p.) : _bill. ; _c24 cm. |
||
| 504 | _aIncludes bibliographic references. | ||
| 650 | 0 |
_aWeeds _xControl _xCongresses. |
|
| 650 | 0 |
_aHerbicides _xCongresses. |
|
| 710 | 2 | _aBritish Crop Protection Council. | |
| 730 | _a1997 Brighton Crop Protection Conference, Weeds. | ||
| 907 |
_a.b10161259 _b11-01-06 _c11-04-05 |
||
| 003 | |||
| 005 | 20230123134003.0 | ||
| 040 | _cNUST | ||
| 942 |
_cBOOKS _kSB611 |
||
| 999 |
_c158067 _d158067 |
||